Mạ kền : Lý thuyết và ứng dụng
Sách cung cấp những hiểu biết toàn diện, phong phú và chi tiết nhất về cơ sở lý luận của quá trình công nghệ mạ kền và của bản thân lớp mạ kền
Sparad:
| Huvudupphovsman: | |
|---|---|
| Materialtyp: | Bok |
| Språk: | Undetermined |
| Publicerad: |
Hà Nội
Bách khoa Hà Nội
2010
|
| Ämnen: | |
| Taggar: |
Lägg till en tagg
Inga taggar, Lägg till första taggen!
|
| Thư viện lưu trữ: | Trung tâm Học liệu Trường Đại học Cần Thơ |
|---|
| LEADER | 00819nam a2200217Ia 4500 | ||
|---|---|---|---|
| 001 | CTU_175991 | ||
| 008 | 210402s9999 xx 000 0 und d | ||
| 020 | |c 72000 | ||
| 082 | |a 671.7 | ||
| 082 | |b H407 | ||
| 100 | |a Trần, Minh Hoàng | ||
| 245 | 0 | |a Mạ kền : | |
| 245 | 0 | |b Lý thuyết và ứng dụng | |
| 245 | 0 | |c Trần Minh Hoàng | |
| 260 | |a Hà Nội | ||
| 260 | |b Bách khoa Hà Nội | ||
| 260 | |c 2010 | ||
| 520 | |a Sách cung cấp những hiểu biết toàn diện, phong phú và chi tiết nhất về cơ sở lý luận của quá trình công nghệ mạ kền và của bản thân lớp mạ kền | ||
| 650 | |a Metal coating,Mạ kim loại | ||
| 910 | |a Nguyên | ||
| 980 | |a Trung tâm Học liệu Trường Đại học Cần Thơ | ||